2023-24 NHL POINT LEADERS BY TEAM - Statistics

General Stats
  • This quiz has been taken 368 times
  • The average score is 24 of 32
Answer Stats
Hint Answer % Correct
Edmonton Oilers 132 Connor McDavid
97%
Colorado Avalanche 140 Nathan MacKinnon
97%
Boston Bruins 110 David Pastrnak
95%
Chicago Blackhawks 61 Connor Bedard
93%
Pittsburgh Penguins 94 Sidney Crosby
93%
New York Rangers 120 Artemi Panarin
91%
Toronto Maple Leafs 107 Auston Matthews
90%
Minnesota Wild 96 Kirill Kaprizov
90%
Carolina Hurricanes 89 Sebastian Aho
90%
Tampa Bay Lightning 144 Nikita Kucherov
88%
Arizona Coyotes 76 Clayton Keller
84%
Dallas Stars 80 Jason Robertson
84%
Ottawa Senators 74 Brady Tkachuk
83%
Montreal Canadiens 76 Nick Suzuki
83%
Nashville Predators 94 Filip Forsberg
82%
Buffalo Sabres 59 Rasmus Dahlin / Alex Tuch
80%
Florida Panthers 94 Sam Reinhart
77%
Vancouver Canucks 103 J.T. Miller
76%
New York Islanders 80 Mathew Barzal
76%
Columbus Blue Jackets 60 Johnny Gaudreau
68%
Detroit Red Wings 72 Lucas Raymond
67%
Winnipeg Jets 72 Mark Scheifele
66%
Los Angeles Kings 75 Adrian Kempe
63%
New Jersey Devils 83 Jesper Bratt
63%
Calgary Flames 75 Nazem Kadri
62%
St. Louis Blues 86 Robert Thomas
62%
Philadelphia Flyers 68 Travis Konecny
59%
Vegas Golden Knights 69 Jonathan Marchessault
55%
Seattle Kraken 62 Jared McCann
54%
Washington Capitals 67 Dylan Strome
49%
Anaheim Ducks 60 Frank Vatrano
43%
San Jose Sharks 60 Mikael Granlund
38%
No matching quizzes found
Score Distribution
Percent of People with Each Score
Percentile by Number Answered
Your Score History
You have not taken this quiz